polskie miasta - łatwe - Statystyki

Ogólne statystyki
  • Ten quiz został rozwiązany 57 razy
  • Średni wynik to 10 z 20
Statystyki odpowiedzi
Hint Odpowiedź % Poprawnych
miasto Warszawa
98%
miasto Gdańsk
78%
miasto Wrocław
72%
miasto Gdynia
70%
miasto Szczecin
70%
miasto łódz
69%
miasto Białystok
59%
miasto Katowice
57%
miasto Opole
56%
miasto Toruń
56%
miasto Lublin
52%
miasto Rzeszów
50%
miasto Zielona Góra
50%
miasto Częstochowa
44%
miasto Kielce
41%
miasto Olsztyn
41%
miasto Kołobrzeg
6%
miasto Krosno
4%
miasto łeba
0%
miasto Pruszków
0%
Nie znaleziono quizów pasujących do podanych kryteriów
Rozkład punktacji
Procent ludzi z każdym wynikiem
Percentyl według liczby udzielonych odpowiedzi
Twoja historia wyników
Nie rozwiązałeś tego quizu